| 000 | 00751nam a2200229Ia 4500 | ||
|---|---|---|---|
| 999 |
_c35983 _d35983 |
||
| 001 | 1882 | ||
| 003 | GE_BSU | ||
| 005 | 20221010125422.0 | ||
| 008 | 181216s2007ru xx |||||||||||||| ||rus|| | ||
| 020 | _a9785969201316 | ||
| 040 | _cGE_BSU | ||
| 041 | _arus | ||
| 080 | _a347.412(075.8) Б-74 | ||
| 100 |
_aБоголюбов,С.А. _915183 |
||
| 245 |
_aЗемельное право : _bУчебник для студентов вузов / _cС.А. Боголюбов. |
||
| 264 |
_aМосква : _bВысшее образование, _c2007. |
||
| 300 |
_a413 с. . _b20 см. |
||
| 653 | _aЗемельное право | ||
| 653 | _aმიწის სამართალი | ||
| 653 | _aსამართალი | ||
| 942 |
_cBK _2udc |
||